Snooker players with 100 century breaks - Statistics

General Stats
  • This quiz has been taken 1,665 times
    656 since last reset
  • The average score is 31 of 76
Answer Stats
Player % Correct
Li Hang
100%
Ronnie O'Sullivan
96%
John Higgins
95%
Judd Trump
93%
Neil Robertson
93%
Stephen Hendry
93%
Mark Williams
91%
Ding Junhui
89%
Mark Selby
88%
Jimmy Robertson
87%
Steve Davis
84%
Mark Allen
82%
Mark Davis
80%
Marco Fu
76%
Shaun Murphy
74%
Jimmy White
73%
Luca Brecel
70%
Ken Doherty
69%
Michael White
69%
Graeme Dott
64%
Kyren Wilson
63%
Stuart Bingham
63%
Gary Wilson
60%
Peter Ebdon
59%
Matthew Stevens
54%
Stephen Maguire
53%
Ali Carter
51%
Barry Hawkins
48%
John Parrott
48%
Jamie Jones
42%
Paul Hunter
41%
Yan Bingtao
40%
Alan McManus
39%
Tony Drago
36%
Liang Wenbo
34%
Ryan Day
33%
Jack Lisowski
32%
James Wattana
32%
Zhao Xintong
32%
Stephen Lee
31%
Dominic Dale
29%
Anthony McGill
28%
Thepchaiya Un-Nooh
28%
Joe Perry
27%
Robert Milkins
25%
Anthony Hamilton
24%
Mark King
23%
Nigel Bond
23%
David Gilbert
20%
Kurt Maflin
19%
Fergal O'Brien
18%
Ricky Walden
18%
Tom Ford
18%
Willie Thorne
17%
Matthew Selt
16%
Zhou Yuelong
16%
Martin Gould
15%
Joe Swail
14%
Noppon Saengkham
14%
Robin Hull
14%
Xiao Guodong
14%
Michael Holt
13%
Andy Hicks
9%
Darren Morgan
9%
Tian Pengfei
9%
Andrew Higginson
7%
Ben Woollaston
7%
Gerard Greene
7%
Barry Pinches
6%
Dave Harold
6%
Jamie Cope
5%
Mark Joyce
5%
Alfie Burden
4%
Ian McCulloch
4%
Jamie Burnett
4%
Rod Lawler
4%
No matching quizzes found
Score Distribution
Percent of People with Each Score
Percentile by Number Answered
Your Score History
You have not taken this quiz since the last reset